[Event "Gibraltar Challengers Week 1"]
[Site "Gibraltar"]
[Date "2010.01.26"]
[Round "1.1"]
[White "Thingstad, Even"]
[Black "Mascarenhas, Alberto"]
[Result "1-0"]
[WhiteElo "2141"]
[BlackElo "2238"]
[PlyCount "73"]
[EventDate "2010.01.26"]
[SourceDate "2010.01.26"]

1. d4 Nf6 2. c4 c5 3. d5 e6 4. Nc3 exd5 5. cxd5 d6 6. e4 g6 7. Nf3 Bg7 8. h3
O-O 9. Bd3 a6 10. a4 Re8 11. O-O Nbd7 12. Bf4 Qe7 13. Re1 Nh5 14. Bh2 Qf8 15.
Qd2 Bh6 16. Qc2 Nf4 17. Bc4 f6 18. Ne2 Nxe2+ 19. Rxe2 Ne5 20. Nd2 g5 21. Rf1
Qg7 22. Qc3 Bd7 23. a5 g4 24. f4 gxf3 25. Nxf3 Nxc4 26. Qxc4 Bb5 27. Qc2 Bxe2
28. Qxe2 Qe7 29. Re1 f5 30. e5 dxe5 31. Bxe5 Qf7 32. Qc4 Rad8 33. Rd1 Be3+ 34.
Kh2 Bd4 35. Bxd4 Qxd5 36. Qc1 Rd6 37. Bf6 1-0

[Event "Gibraltar Challengers Week 1"]
[Site "Gibraltar"]
[Date "2010.01.26"]
[Round "1.2"]
[White "Arvola, Benjamin"]
[Black "Aerni, Andreas"]
[Result "1-0"]
[WhiteElo "2218"]
[BlackElo "2137"]
[PlyCount "31"]
[EventDate "2010.01.26"]
[SourceDate "2010.01.26"]

1. e4 d5 2. exd5 Qxd5 3. Nc3 Qa5 4. d4 Nf6 5. Bc4 Nc6 6. Nge2 Be6 7. Bxe6 fxe6
8. O-O O-O-O 9. Qe1 Qf5 10. Ng3 Qxc2 11. Qxe6+ Kb8 12. Bf4 g5 13. Be5 Qxb2 14.
Na4 Qa3 15. Nc5 Nxd4 16. Qc4 1-0

[Event "Gibraltar Challengers Week 1"]
[Site "Gibraltar"]
[Date "2010.01.26"]
[Round "1.3"]
[White "Flermoen, Peter"]
[Black "Mlynek, Petr"]
[Result "1-0"]
[WhiteElo "2108"]
[BlackElo "2218"]
[PlyCount "71"]
[EventDate "2010.01.26"]
[SourceDate "2010.01.26"]

1. e4 c6 2. d4 d5 3. Nc3 dxe4 4. Nxe4 Nd7 5. Ng5 Ngf6 6. Bd3 e6 7. N1f3 h6 8.
Nxe6 Qe7 9. O-O fxe6 10. Bg6+ Kd8 11. Bf4 Qb4 12. Re1 Be7 13. b3 Nd5 14. a3 Qb6
15. Bg3 Rf8 16. Qd2 Rf6 17. Be4 g5 18. h4 Rxf3 19. Bxf3 Nf8 20. hxg5 Bxg5 21.
Qd3 Bd7 22. c4 Nf4 23. Qe4 Qc7 24. Rad1 Qd6 25. Bg4 Be8 26. Qf3 Bg6 27. Re5 Bc2
28. Rd2 N8g6 29. Rxe6 Qxa3 30. Rxc2 Nxe6 31. Bxe6 Qa1+ 32. Kh2 Qxd4 33. Qf7 Nf4
34. Qf8+ Kc7 35. Qxa8 Qe4 36. Qc8+ 1-0

[Event "Gibraltar Challengers Week 1"]
[Site "Gibraltar"]
[Date "2010.01.26"]
[Round "1.4"]
[White "Tjolsen, Katrine"]
[Black "Straub, Peter"]
[Result "1-0"]
[WhiteElo "2212"]
[BlackElo "2116"]
[PlyCount "113"]
[EventDate "2010.01.26"]
[SourceDate "2010.01.26"]

1. d4 Nf6 2. c4 g6 3. Nc3 d5 4. e3 Bg7 5. Qb3 c6 6. cxd5 cxd5 7. Nf3 O-O 8. Bd3
e6 9. O-O Nc6 10. Bd2 b6 11. Rfc1 Bb7 12. Qa3 Re8 13. Qa4 a6 14. Qd1 b5 15. a3
Rc8 16. Be1 Qd6 17. Na2 Ne4 18. Nb4 Ne7 19. Bf1 Qb6 20. Nd3 f6 21. a4 Nf5 22.
axb5 axb5 23. Ba5 Qd6 24. Bb4 Qb8 25. Nc5 Nxc5 26. Bxc5 Bc6 27. Qb3 Bf8 28. Qb4
Nd6 29. Ra6 Red8 30. h3 Qb7 31. Ra7 Qb8 32. Rca1 Rd7 33. R7a6 Rdd8 34. Nd2 Ne4
35. Nxe4 dxe4 36. Bxf8 Rxf8 37. Qe7 Rce8 38. Qc5 Bd7 39. Rb6 Qc8 40. Bxb5 Bxb5
41. Rxb5 Qxc5 42. dxc5 Rb8 43. Rxb8 Rxb8 44. c6 Rc8 45. Rc1 Kf7 46. c7 Ke7 47.
Kf1 e5 48. Ke2 f5 49. b4 Kd6 50. Kd2 g5 51. Rc4 h5 52. g3 Rxc7 53. Rxc7 Kxc7
54. Kc3 Kc6 55. Kc4 f4 56. b5+ Kd6 57. Kb4 1-0

[Event "Gibraltar Challengers Week 1"]
[Site "Gibraltar"]
[Date "2010.01.26"]
[Round "1.5"]
[White "Hagen, Anders"]
[Black "Tscharotschkin, Michael"]
[Result "1/2-1/2"]
[WhiteElo "2108"]
[BlackElo "2211"]
[PlyCount "49"]
[EventDate "2010.01.26"]
[SourceDate "2010.01.26"]

1. d4 d5 2. c4 Bf5 3. cxd5 Bxb1 4. Qa4+ c6 5. dxc6 Nxc6 6. Rxb1 e5 7. Bd2 Qxd4
8. Qxd4 Nxd4 9. e3 Nc6 10. Bb5 Bd6 11. Bxc6+ bxc6 12. Ne2 Ne7 13. Nc3 f5 14.
Ke2 O-O 15. Rhd1 Rab8 16. e4 fxe4 17. Nxe4 Bb4 18. f3 Bxd2 19. Rxd2 Nf5 20. Rd7
Rf7 21. Rxf7 Kxf7 22. b3 a5 23. Nc5 Ke7 24. Rc1 Rb6 25. Rc4 1/2-1/2

[Event "Gibraltar Challengers Week 1"]
[Site "Gibraltar"]
[Date "2010.01.26"]
[Round "1.6"]
[White "Weeramantry, Sunil"]
[Black "Demac, Elias"]
[Result "0-1"]
[WhiteElo "2201"]
[BlackElo "2104"]
[PlyCount "62"]
[EventDate "2010.01.26"]
[SourceDate "2010.01.26"]

1. e4 c5 2. Nc3 Nc6 3. f4 a6 4. Nf3 b5 5. d4 cxd4 6. Nxd4 Bb7 7. Nb3 e6 8. Be3
d6 9. Be2 Nf6 10. Bf3 Qc7 11. Qd2 Be7 12. O-O Rd8 13. Qf2 Rd7 14. Rad1 Nd8 15.
Bb6 Qb8 16. g4 b4 17. g5 bxc3 18. gxf6 Bxf6 19. bxc3 Bxc3 20. Rd3 Bf6 21. Rfd1
Nc6 22. Nc5 dxc5 23. Rxd7 Bd4 24. R1xd4 cxd4 25. Rc7 O-O 26. e5 Ba8 27. Rxc6
Bxc6 28. Bxd4 Bxf3 29. Qxf3 Qb1+ 30. Qf1 Qxc2 31. Qxa6 Qd1+ 0-1

[Event "Gibraltar Challengers Week 1"]
[Site "Gibraltar"]
[Date "2010.01.26"]
[Round "1.7"]
[White "Allor, Chukwuka"]
[Black "Ivanov, Stojan Emilov"]
[Result "1-0"]
[WhiteElo "2100"]
[BlackElo "2198"]
[PlyCount "100"]
[EventDate "2010.01.26"]
[SourceDate "2010.01.26"]

1. e4 c5 2. Nf3 d6 3. d4 cxd4 4. Nxd4 Nf6 5. Nc3 e6 6. Be2 Be7 7. O-O O-O 8.
Be3 a6 9. f4 Nc6 10. Qe1 Qc7 11. Qg3 Bd7 12. Rae1 b5 13. a3 Rac8 14. Kh1 Rfd8
15. Bd3 Be8 16. Nxc6 Bxc6 17. e5 Nh5 18. Qh3 g6 19. f5 dxe5 20. fxe6 f5 21.
Bxf5 gxf5 22. Qxh5 Qb7 23. Re2 f4 24. Qxe5 Bd6 25. Qg5+ Qg7 26. Qxg7+ Kxg7 27.
Bxf4 Rf8 28. Ref2 Rxf4 29. Rxf4 Bxf4 30. Rxf4 Re8 31. Kg1 Rxe6 32. Kf2 Rd6 33.
Ke3 Rh6 34. h4 Rg6 35. g4 Rd6 36. Ne2 Re6+ 37. Kd3 Bd5 38. Nd4 Re1 39. Kc3 h6
40. Kb4 Rb1 41. b3 Rc1 42. Ka5 Bb7 43. Ne6+ Kg6 44. h5+ Kh7 45. Rf7+ Kg8 46.
Rg7+ Kh8 47. Rxb7 Rxc2 48. Kxa6 Ra2 49. Kxb5 Rxa3 50. Nc5 Ra1 1-0

[Event "Gibraltar Challengers Week 1"]
[Site "Gibraltar"]
[Date "2010.01.26"]
[Round "1.8"]
[White "Byron, Alan M"]
[Black "Wallgren, Ulf"]
[Result "1/2-1/2"]
[WhiteElo "2196"]
[BlackElo "2100"]
[PlyCount "124"]
[EventDate "2010.01.26"]
[SourceDate "2010.01.26"]

1. c4 Nf6 2. Nc3 g6 3. g3 Bg7 4. Bg2 O-O 5. d4 d6 6. Nf3 Nc6 7. O-O a6 8. e4 e5
9. d5 Ne7 10. Bd2 Ne8 11. Ne1 f5 12. f3 Nf6 13. Nd3 fxe4 14. fxe4 Bg4 15. Qe1
Qc8 16. Nf2 Bd7 17. b4 b6 18. Be3 c5 19. bxc5 bxc5 20. Qd2 Qc7 21. h3 Nh5 22.
Kh2 Rab8 23. Nd3 Rxf1 24. Rxf1 Rf8 25. Rxf8+ Bxf8 26. Qb2 Nc8 27. Qa3 Qb7 28.
Qb3 Qb6 29. Bg5 h6 30. Bd2 Nf6 31. Nb2 Qxb3 32. axb3 Nb6 33. Na2 Bc8 34. Ba5
Nbd7 35. Na4 Kf7 36. b4 cxb4 37. Nxb4 Nc5 38. Nxc5 dxc5 39. Nd3 Bd6 40. Bc3 Nd7
41. h4 Nb6 42. Bxe5 Nxc4 43. Bxd6 Nxd6 44. Nxc5 Kf6 45. Nd3 Nf7 46. Kg1 g5 47.
Kf2 gxh4 48. gxh4 Ne5 49. Nc5 Nd7 50. Nd3 Ne5 51. Nb2 a5 52. Ke3 Bd7 53. Nd1 a4
54. Nc3 a3 55. Bf1 Ba4 56. Kd4 Bb3 57. Bb5 a2 58. Nxa2 Bxa2 59. d6 Ke6 60. Ke3
Nd7 61. Bxd7+ Kxd7 62. Kf4 h5 1/2-1/2

[Event "Gibraltar Challengers Week 1"]
[Site "Gibraltar"]
[Date "2010.01.26"]
[Round "1.10"]
[White "Martsynovskaya, Marina"]
[Black "Fegan, Chris"]
[Result "0-1"]
[WhiteElo "2184"]
[BlackElo "2093"]
[PlyCount "90"]
[EventDate "2010.01.26"]
[SourceDate "2010.01.26"]

1. e4 g6 2. Nc3 Bg7 3. d4 d6 4. Nf3 a6 5. a4 Nd7 6. Bc4 h6 7. Qe2 e5 8. Be3 Ne7
9. dxe5 dxe5 10. Rd1 O-O 11. O-O Qe8 12. Bb3 Kh7 13. Qc4 c6 14. a5 f5 15. exf5
gxf5 16. Qh4 f4 17. Ng5+ Kh8 18. Ne6 Ng6 19. Qh3 fxe3 20. Nxf8 exf2+ 21. Rxf2
Ndxf8 22. Qe3 Be6 23. Ne4 Nf4 24. Nd6 Qh5 25. Rfd2 Bxb3 26. Qxb3 N8e6 27. Qf3
Qg6 28. Qe4 Qg4 29. Qf3 Qxf3 30. gxf3 Nd4 31. Rf1 Rg8 32. Kh1 Rf8 33. Nxb7 Nd5
34. Nc5 Ne3 35. Rff2 Nc4 36. Rd1 Nxb2 37. Rb1 Nc4 38. Nxa6 e4 39. f4 e3 40. Rg2
Rxf4 41. Nc5 e2 42. c3 Rf1+ 43. Rg1 Rxg1+ 44. Rxg1 Nf3 45. Rb1 e1=Q+ 0-1

[Event "Gibraltar Challengers Week 1"]
[Site "Gibraltar"]
[Date "2010.01.26"]
[Round "1.11"]
[White "Havik, Victor"]
[Black "Byrn, Carsten"]
[Result "1-0"]
[WhiteElo "2093"]
[BlackElo "2171"]
[PlyCount "75"]
[EventDate "2010.01.26"]
[SourceDate "2010.01.26"]

1. d4 Nf6 2. c4 g6 3. Nc3 d5 4. cxd5 Nxd5 5. e4 Nxc3 6. bxc3 Bg7 7. Nf3 c5 8.
Be3 Qa5 9. Qd2 Nc6 10. Rb1 cxd4 11. cxd4 Qxd2+ 12. Kxd2 O-O 13. Bd3 Rd8 14. d5
Na5 15. Bg5 Kf8 16. Ke2 Bg4 17. Rhc1 Rdc8 18. Bd2 b6 19. Ba6 Rxc1 20. Rxc1 Be5
21. h3 Bxf3+ 22. Kxf3 Ke8 23. Ke3 Kd8 24. f4 Bc7 25. e5 Rb8 26. Bb4 b5 27. Rxc7
Nc4+ 28. Rxc4 bxc4 29. Ba5+ Kd7 30. Bxc4 Rb2 31. g3 f6 32. Bc3 Rc2 33. e6+ Ke8
34. Bb5+ Kf8 35. Bb4 a5 36. d6 axb4 37. d7 Rc3+ 38. Kd2 1-0

[Event "Gibraltar Challengers Week 1"]
[Site "Gibraltar"]
[Date "2010.01.26"]
[Round "1.12"]
[White "Kvisla, Johannes Luangtep"]
[Black "Lumsdon, Andrew"]
[Result "1/2-1/2"]
[WhiteElo "2161"]
[BlackElo "2090"]
[PlyCount "130"]
[EventDate "2010.01.26"]
[SourceDate "2010.01.26"]

1. c4 e5 2. Nc3 Bb4 3. Nd5 Be7 4. g3 c6 5. Nxe7 Nxe7 6. d4 e4 7. Bh3 Na6 8. Bf4
d5 9. Bxc8 Qxc8 10. Qb3 O-O 11. e3 dxc4 12. Qxc4 Nd5 13. Ne2 Qe6 14. Qb3 Nab4
15. Nc1 a5 16. Qd1 Nxf4 17. gxf4 Qc4 18. Rb1 Rad8 19. Qe2 Nd3+ 20. Nxd3 exd3
21. Qd2 Qd5 22. Rg1 c5 23. dxc5 Qxa2 24. Rd1 Qc4 25. Qc3 Qxc3+ 26. bxc3 Rd5 27.
Rg5 f5 28. Kd2 Rxc5 29. Rb1 b5 30. Kxd3 Rd8+ 31. Ke2 a4 32. Rgg1 Rb8 33. Rgc1
b4 34. cxb4 Rxc1 35. Rxc1 Rxb4 36. Rc7 Rb2+ 37. Kd3 Rxf2 38. Ra7 Rxh2 39. Rxa4
h5 40. Ra5 g6 41. Kd4 Kg7 42. Ke5 Re2 43. Ra7+ Kh6 44. Kf6 Rb2 45. Ra8 Rb6+ 46.
Kf7 Rb7+ 47. Kf6 h4 48. Rh8+ Rh7 49. Rg8 Kh5 50. Ra8 Rb7 51. Rh8+ Kg4 52. Kxg6
Rb6+ 53. Kf7 h3 54. Rg8+ Kf3 55. Rh8 Kxe3 56. Rxh3+ Kxf4 57. Rh1 Ke3 58. Rh3+
Ke4 59. Rb3 f4 60. Rxb6 f3 61. Ke6 f2 62. Rb1 Kf3 63. Kf5 Kg2 64. Kg4 f1=Q 65.
Rxf1 Kxf1 1/2-1/2

[Event "Gibraltar Challengers Week 1"]
[Site "Gibraltar"]
[Date "2010.01.26"]
[Round "1.13"]
[White "Dasaolu, Adeoyo"]
[Black "Gandrud, Vegard Koi"]
[Result "1/2-1/2"]
[WhiteElo "2068"]
[BlackElo "2158"]
[PlyCount "94"]
[EventDate "2010.01.26"]
[SourceDate "2010.01.26"]

1. Nf3 d5 2. c4 e6 3. d4 c6 4. Qc2 Nf6 5. g3 Ne4 6. Bg2 Bd6 7. O-O f5 8. Bf4
Bxf4 9. gxf4 O-O 10. Nbd2 Nd7 11. Rfd1 Kh8 12. Nf1 Ndf6 13. Ne5 Nh5 14. e3 g5
15. Qe2 Ng7 16. f3 Nd6 17. fxg5 Qxg5 18. c5 Nf7 19. f4 Qe7 20. Nf3 Bd7 21. Ng3
Be8 22. b4 Rg8 23. Kh1 h6 24. a4 a6 25. Rg1 Kh7 26. Qc2 Nh8 27. Bf1 Nh5 28. Bd3
Nxg3+ 29. hxg3 Bh5 30. Raf1 Ng6 31. Qh2 Bg4 32. Kg2 Kg7 33. Kf2 Rh8 34. Rb1 Nf8
35. Ne5 h5 36. Nxg4 hxg4 37. Qg2 Nd7 38. Rh1 Nf6 39. Rxh8 Rxh8 40. Rh1 Qd8 41.
Bb1 Ne4+ 42. Bxe4 dxe4 43. Rxh8 Qxh8 44. Qf1 Qh2+ 45. Qg2 Qh8 46. Qf1 Qh2+ 47.
Qg2 Qh8 1/2-1/2

[Event "Gibraltar Challengers Week 1"]
[Site "Gibraltar"]
[Date "2010.01.26"]
[Round "1.14"]
[White "Haarr, Jon Kristian"]
[Black "Brown, Thomas E"]
[Result "0-1"]
[WhiteElo "2157"]
[BlackElo "2064"]
[PlyCount "78"]
[EventDate "2010.01.26"]
[SourceDate "2010.01.26"]

1. e4 c5 2. d4 cxd4 3. c3 g6 4. cxd4 d5 5. exd5 Nf6 6. Nc3 Nxd5 7. Qb3 Nb6 8.
d5 Bg7 9. Be3 O-O 10. Rd1 Na6 11. Bxa6 bxa6 12. Nge2 Bg4 13. f3 Bd7 14. O-O Rc8
15. Kh1 Nc4 16. Bf2 Qc7 17. d6 Nxd6 18. Nd5 Be6 19. Nef4 Bxd5 20. Nxd5 Qd7 21.
Bh4 Rfe8 22. Rfe1 Rb8 23. Rxe7 Qc6 24. Rxe8+ Qxe8 25. Ne7+ Kh8 26. Qd5 Rb6 27.
Bf2 Rxb2 28. Bd4 Re2 29. Nc6 Nf5 30. Bxa7 h5 31. Qc5 Bd4 32. Qc1 Bxa7 33. Rd8
Qxd8 34. Nxd8 Bf2 35. Nxf7+ Kg7 36. Qc3+ Bd4 37. Qc1 Rxa2 38. Nd8 Ra1 39. Qxa1
Bxa1 0-1

[Event "Gibraltar Challengers Week 1"]
[Site "Gibraltar"]
[Date "2010.01.26"]
[Round "1.15"]
[White "Jameson, David"]
[Black "Nilsen, Joachim B"]
[Result "1/2-1/2"]
[WhiteElo "2053"]
[BlackElo "2152"]
[PlyCount "112"]
[EventDate "2010.01.26"]
[SourceDate "2010.01.26"]

1. e4 c5 2. Nf3 d6 3. d4 cxd4 4. Nxd4 Nf6 5. Nc3 g6 6. Be3 Bg7 7. f3 O-O 8. Qd2
Nc6 9. O-O-O d5 10. exd5 Nxd5 11. Nxc6 bxc6 12. Nxd5 cxd5 13. Qxd5 Rb8 14. b3
Qc7 15. Qc5 Qb7 16. Qxa7 Qb4 17. Bd2 Qd6 18. Be3 Qb4 19. a3 Qc3 20. Rd3 Qb2+
21. Kd2 Bf5 22. Bd4 Bh6+ 23. Be3 Bxd3 24. Bxd3 Bxe3+ 25. Kxe3 Qe5+ 26. Kf2 Ra8
27. Qe3 Qf6 28. a4 Qh4+ 29. g3 Qf6 30. h4 Ra5 31. h5 Qg7 32. hxg6 fxg6 33. Qe6+
Kh8 34. Qxg6 Qxg6 35. Bxg6 Kg7 36. Be4 h6 37. Rd1 Kf6 38. Rd5 Rxd5 39. Bxd5 Rd8
40. Be4 Ke5 41. Ke3 Kd6 42. a5 Kc5 43. a6 Kb6 44. c4 Kxa6 45. b4 Rd1 46. g4 e5
47. Bd5 Re1+ 48. Kd3 Kb6 49. Kd2 Rb1 50. Kc2 Re1 51. c5+ Kb5 52. c6 Kb6 53. Be4
Re2+ 54. Kd3 Rb2 55. Kc3 Re2 56. Kc4 Rd2 1/2-1/2

[Event "Gibraltar Challengers Week 1"]
[Site "Gibraltar"]
[Date "2010.01.26"]
[Round "1.16"]
[White "Flores Chico, Jorge"]
[Black "Tari, Aryan"]
[Result "1/2-1/2"]
[WhiteElo "2052"]
[BlackElo "1932"]
[PlyCount "78"]
[EventDate "2010.01.26"]
[SourceDate "2010.01.26"]

1. d4 Nf6 2. Nc3 d5 3. Bg5 c6 4. f3 Bf5 5. Qd2 Nbd7 6. g4 Bg6 7. Nh3 h6 8. Bf4
e6 9. Nf2 Nb6 10. e3 Bd6 11. Bxd6 Qxd6 12. O-O-O O-O-O 13. Bd3 Bxd3 14. cxd3
Rhe8 15. f4 Kb8 16. Kb1 a6 17. h4 Nfd7 18. Rc1 Rc8 19. g5 h5 20. Qd1 g6 21. Na4
Nxa4 22. Qxa4 c5 23. dxc5 Nxc5 24. Qa3 Rc6 25. d4 Nd7 26. Qxd6+ Rxd6 27. Nd3
Rc6 28. Rxc6 bxc6 29. Rc1 Rc8 30. Nc5 Nxc5 31. Rxc5 Kb7 32. Kc2 Kb6 33. b4 Rd8
34. Kc3 Rd7 35. a4 Rc7 36. Kd3 Rd7 37. e4 Rd8 38. e5 Ra8 39. Kc3 Ra7 1/2-1/2

[Event "Gibraltar Challengers Week 1"]
[Site "Gibraltar"]
[Date "2010.01.26"]
[Round "1.17"]
[White "Gravett, Alan D"]
[Black "Cafolla, Peter"]
[Result "0-1"]
[WhiteElo "1926"]
[BlackElo "2042"]
[PlyCount "46"]
[EventDate "2010.01.26"]
[SourceDate "2010.01.26"]

1. g3 d5 2. Nf3 e6 3. Bg2 c5 4. O-O Nf6 5. c4 Be7 6. d3 Nc6 7. Na3 O-O 8. Rb1
Re8 9. Nc2 e5 10. cxd5 Nxd5 11. Ne3 Be6 12. Nc4 Qc7 13. a3 h6 14. Bd2 Rad8 15.
Qc1 b5 16. Ne3 Nd4 17. Nxd4 exd4 18. Nxd5 Bxd5 19. Bxd5 Rxd5 20. a4 bxa4 21.
Qc4 Qd7 22. Ra1 Bd8 23. Rxa4 Rh5 0-1

[Event "Gibraltar Challengers Week 1"]
[Site "Gibraltar"]
[Date "2010.01.26"]
[Round "1.18"]
[White "Hamer, Martyn"]
[Black "Winkler, Stefan"]
[Result "1/2-1/2"]
[WhiteElo "2039"]
[BlackElo "1916"]
[PlyCount "95"]
[EventDate "2010.01.26"]
[SourceDate "2010.01.26"]

1. e4 e6 2. d4 d5 3. Nc3 Nf6 4. Bg5 Be7 5. e5 Nfd7 6. Bxe7 Qxe7 7. f4 c5 8. Nb5
Nb6 9. Nd6+ Kf8 10. c3 cxd4 11. cxd4 Nc6 12. Nf3 Bd7 13. Nxb7 Qb4+ 14. Qd2
Qxd2+ 15. Kxd2 Ke7 16. Rc1 Rab8 17. Nc5 Nc4+ 18. Bxc4 dxc4 19. Rb1 Rhc8 20.
Nxd7 Kxd7 21. g4 Nb4 22. f5 Nxa2 23. Ng5 h6 24. Nxf7 Rb3 25. Nd6 Rc7 26. Rhg1
Rh3 27. Rg2 a6 28. fxe6+ Kxe6 29. Nf5 Rd3+ 30. Ke2 g6 31. Ne3 Rxd4 32. Ra1 Nb4
33. Ra5 Re4 34. Ra4 Nd5 35. Rg3 c3 36. Rxe4 cxb2 37. Nxd5 Rc2+ 38. Ke3 b1=Q 39.
Nf4+ Ke7 40. Nxg6+ Ke8 41. Kf4 Rf2+ 42. Rf3 Rxf3+ 43. Kxf3 Qf1+ 44. Ke3 Qg1+
45. Kd3 Qd1+ 46. Kc4 Qc2+ 47. Kd4 Qa4+ 48. Kd3 1/2-1/2

[Event "Gibraltar Challengers Week 1"]
[Site "Gibraltar"]
[Date "2010.01.26"]
[Round "1.19"]
[White "Grant, David"]
[Black "Bryn, Askild"]
[Result "1/2-1/2"]
[WhiteElo "1913"]
[BlackElo "2036"]
[PlyCount "73"]
[EventDate "2010.01.26"]
[SourceDate "2010.01.26"]

1. e4 c5 2. c3 e6 3. d4 d5 4. exd5 Qxd5 5. Na3 Bd7 6. Nc2 cxd4 7. Qxd4 Nf6 8.
Nf3 Nc6 9. Qxd5 Nxd5 10. Bc4 Nb6 11. Be2 e5 12. O-O f6 13. Rd1 Be6 14. Be3 Nd5
15. Bb5 Nxe3 16. Bxc6+ bxc6 17. Nxe3 Be7 18. b4 a5 19. a3 Kf7 20. Nd2 axb4 21.
axb4 Rxa1 22. Rxa1 Rd8 23. Ndc4 Rd3 24. Rc1 Ke8 25. Kf1 Rd8 26. Na5 Kd7 27.
Nac4 Rb8 28. Ra1 Rb7 29. Ra6 Bd8 30. Na5 Bxa5 31. Rxa5 Kd6 32. Rc5 Ra7 33. Nc4+
Bxc4+ 34. Rxc4 Ra2 35. g3 g5 36. Kg2 h5 37. h3 1/2-1/2

[Event "Gibraltar Challengers Week 1"]
[Site "Gibraltar"]
[Date "2010.01.26"]
[Round "1.21"]
[White "Ortega Gonzalez, Jose Luis"]
[Black "Isherwood, Paul"]
[Result "0-1"]
[WhiteElo "1905"]
[BlackElo "2017"]
[PlyCount "80"]
[EventDate "2010.01.26"]
[SourceDate "2010.01.26"]

1. e4 d6 2. Bc4 Nf6 3. Nc3 e5 4. d4 Nbd7 5. Nf3 Be7 6. dxe5 dxe5 7. Qe2 O-O 8.
Bd2 c6 9. O-O b5 10. Bb3 Qc7 11. a3 Nc5 12. Ba2 Be6 13. Bxe6 Nxe6 14. Na2 Rfd8
15. g3 Rd7 16. Bc3 Nd4 17. Bxd4 exd4 18. e5 Ne8 19. e6 Rd5 20. exf7+ Kxf7 21.
Rae1 Bf6 22. Qe6+ Kf8 23. Nb4 Rd6 24. Qf5 Kg8 25. Re4 g6 26. Qh3 Qc8 27. Qxc8
Rxc8 28. Rfe1 Ng7 29. Nd3 c5 30. g4 c4 31. Nf4 d3 32. c3 g5 33. Nh3 h6 34. Nd2
a5 35. f4 gxf4 36. Rxf4 Bh4 37. Re5 Re6 38. Ree4 Rce8 39. Nf2 Bg5 40. Rxe6 Rxe6
0-1

[Event "Gibraltar Challengers Week 1"]
[Site "Gibraltar"]
[Date "2010.01.26"]
[Round "1.22"]
[White "Seitz, Benjamin"]
[Black "Plater, Ronald"]
[Result "0-1"]
[WhiteElo "2017"]
[BlackElo "1904"]
[PlyCount "124"]
[EventDate "2010.01.26"]
[SourceDate "2010.01.26"]

1. Nf3 Nf6 2. d4 g6 3. c4 Bg7 4. Nc3 d5 5. e3 O-O 6. cxd5 Nxd5 7. Bc4 Nxc3 8.
bxc3 c5 9. O-O Nc6 10. Ba3 cxd4 11. cxd4 a6 12. Rc1 h6 13. d5 Ne5 14. Nxe5 Bxe5
15. f4 Bd6 16. Bb2 Qb6 17. Qd2 Bf5 18. Kh1 Rac8 19. Bb3 f6 20. Qe2 Qb4 21. Bd4
Kg7 22. Bc2 Rxc2 23. Rxc2 Bxc2 24. Qxc2 Qb5 25. Rd1 Qd7 26. Qd3 Qg4 27. Rc1 Kf7
28. Rc2 Rd8 29. h3 Qh5 30. Bb6 Rd7 31. Qe4 Qf5 32. Qc4 Bb8 33. d6+ Qe6 34.
Qxe6+ Kxe6 35. dxe7 Rxe7 36. Rc8 Bd6 37. Bd4 g5 38. Rf8 Rf7 39. Rxf7 Kxf7 40.
fxg5 hxg5 41. g4 b5 42. Kg2 Ke6 43. e4 Be5 44. Bb6 Kd7 45. Kf3 Kc6 46. Bf2 b4
47. Ke3 Kb5 48. Kd3 a5 49. h4 gxh4 50. Bxh4 Ka4 51. Kc2 Ka3 52. Kb1 b3 53. axb3
Kxb3 54. Bf2 a4 55. Bc5 Kc4 56. Be7 Kb3 57. Bf8 Bb2 58. Be7 a3 59. Bxa3 Bxa3
60. e5 fxe5 61. g5 Be7 62. g6 Bf6 0-1

[Event "Gibraltar Challengers Week 1"]
[Site "Gibraltar"]
[Date "2010.01.26"]
[Round "1.23"]
[White "Sommerhalder, Eric"]
[Black "McBeth, Michael J"]
[Result "1/2-1/2"]
[WhiteElo "1899"]
[BlackElo "2011"]
[PlyCount "65"]
[EventDate "2010.01.26"]
[SourceDate "2010.01.26"]

1. e4 e5 2. Nf3 Nc6 3. Bb5 a6 4. Bxc6 dxc6 5. O-O f6 6. d4 exd4 7. Qxd4 Qxd4 8.
Nxd4 Bd7 9. Be3 Ne7 10. Nc3 Ng6 11. f4 Bd6 12. Rad1 O-O 13. Nb3 Bg4 14. Rd2
Rfe8 15. h3 Be6 16. Na5 Bb4 17. Nxb7 Bc4 18. Re1 Bxc3 19. bxc3 Rxe4 20. Nc5 Re7
21. Rd4 Bxa2 22. Ra4 Bd5 23. g3 h5 24. Kf2 Kf7 25. Rxa6 Rxa6 26. Nxa6 Re4 27.
Nxc7 Bc4 28. Bd4 Rxe1 29. Kxe1 Ne7 30. Na8 Nd5 31. Nb6 Nxb6 32. Bxb6 Ke6 33.
Kf2 1/2-1/2

[Event "Gibraltar Challengers Week 1"]
[Site "Gibraltar"]
[Date "2010.01.26"]
[Round "1.24"]
[White "Stanek, Stanislav"]
[Black "Pereira, Johnharry"]
[Result "1-0"]
[WhiteElo "2007"]
[BlackElo "1892"]
[PlyCount "101"]
[EventDate "2010.01.26"]
[SourceDate "2010.01.26"]

1. d4 Nf6 2. Bf4 e6 3. Nd2 d5 4. e3 c5 5. Bb5+ Bd7 6. Bxd7+ Qxd7 7. c3 a5 8.
Ngf3 Qb5 9. Rb1 Nc6 10. Qe2 Qxe2+ 11. Kxe2 Nh5 12. Bc7 cxd4 13. exd4 Kd7 14.
Bg3 Nxg3+ 15. hxg3 h6 16. Kd3 Bd6 17. Rbe1 f6 18. g4 a4 19. Re2 b5 20. a3 Rab8
21. Rhe1 Rhe8 22. Kc2 Na5 23. Kb1 Rb6 24. Ka2 Nc4 25. Rd1 Rc8 26. Ne1 Nxa3 27.
bxa3 Rxc3 28. Nb1 Rc4 29. Nc2 Bf4 30. g3 Bd6 31. Ne3 Rc8 32. Rc2 Rcb8 33. Rb2
b4 34. axb4 Rxb4 35. Rxb4 Rxb4 36. Nc2 Rb3 37. Nba3 Rf3 38. Rd2 Rb3 39. Nb1 Kc6
40. Ne1 Bb4 41. Rc2+ Kd6 42. Nd2 Ra3+ 43. Kb2 e5 44. Nef3 Rd3 45. dxe5+ fxe5
46. Kc1 Bc5 47. Ne1 Rd4 48. Ndf3 Rxg4 49. Nd3 Ba3+ 50. Kb1 e4 51. Nde5 1-0

[Event "Gibraltar Challengers Week 1"]
[Site "Gibraltar"]
[Date "2010.01.26"]
[Round "1.25"]
[White "Steinskog, Asbjorn Ottesen"]
[Black "Horrocks, Stephen J"]
[Result "1/2-1/2"]
[WhiteElo "1884"]
[BlackElo "1992"]
[PlyCount "40"]
[EventDate "2010.01.26"]
[SourceDate "2010.01.26"]

1. Nf3 Nf6 2. g3 c6 3. c4 g6 4. Bg2 Bg7 5. d4 O-O 6. O-O d6 7. Nc3 Nbd7 8. h3
e5 9. e4 h6 10. Be3 Re8 11. Qc2 a6 12. a4 Qe7 13. Rfe1 Nf8 14. dxe5 dxe5 15.
Rad1 g5 16. Nd2 Be6 17. b3 Qc7 18. Nf1 Rad8 19. Rxd8 Rxd8 20. Rd1 Ng6 1/2-1/2

[Event "Gibraltar Challengers Week 1"]
[Site "Gibraltar"]
[Date "2010.01.26"]
[Round "1.26"]
[White "Loerke, Reinhard"]
[Black "Bishop, Geoffrey"]
[Result "1-0"]
[WhiteElo "1981"]
[BlackElo "1851"]
[PlyCount "61"]
[EventDate "2010.01.26"]
[SourceDate "2010.01.26"]

1. e4 Nf6 2. Nc3 d5 3. e5 Ne4 4. Nge2 Bf5 5. d3 Nxc3 6. bxc3 e6 7. Ng3 Bg6 8.
d4 c5 9. Be2 Nc6 10. h4 cxd4 11. h5 Be4 12. f3 Bf5 13. Nxf5 exf5 14. cxd4 Bb4+
15. Kf1 O-O 16. Qd3 Rc8 17. c3 Ba5 18. Qxf5 Bxc3 19. Bd3 g6 20. hxg6 fxg6 21.
Qh3 Rf7 22. Bxg6 Rcc7 23. Bxf7+ Rxf7 24. Qg4+ Kh8 25. Rb1 Bxd4 26. Bf4 Bxe5 27.
Bxe5+ Nxe5 28. Qd4 Qg5 29. Re1 Rf5 30. Rxe5 Rxe5 31. f4 1-0

[Event "Gibraltar Challengers Week 1"]
[Site "Gibraltar"]
[Date "2010.01.26"]
[Round "1.27"]
[White "Annetts, Ivor"]
[Black "Zanetti, Bruno"]
[Result "0-1"]
[WhiteElo "1848"]
[BlackElo "1978"]
[PlyCount "42"]
[EventDate "2010.01.26"]
[SourceDate "2010.01.26"]

1. e4 c5 2. c3 e5 3. Nf3 Nc6 4. Bd3 Nf6 5. Qe2 g6 6. Bc2 Bg7 7. O-O O-O 8. d3
d5 9. h3 Be6 10. Re1 b5 11. Nbd2 d4 12. c4 bxc4 13. Nxc4 Bxc4 14. dxc4 Ne8 15.
Bg5 Qb6 16. b3 Nd6 17. Rad1 f5 18. Nd2 f4 19. Qg4 Rae8 20. Nf3 Nf7 21. Qh4 h6
0-1

[Event "Gibraltar Challengers Week 1"]
[Site "Gibraltar"]
[Date "2010.01.26"]
[Round "1.28"]
[White "Mikalsen, Erlend"]
[Black "Rough, Robert E"]
[Result "1-0"]
[WhiteElo "1973"]
[BlackElo "1811"]
[PlyCount "61"]
[EventDate "2010.01.26"]
[SourceDate "2010.01.26"]

1. e4 e5 2. Nc3 Nf6 3. Bc4 Be7 4. Nf3 d6 5. h3 O-O 6. d3 Nc6 7. O-O Na5 8. Bb3
c5 9. Ne2 Nc6 10. c3 d5 11. exd5 Nxd5 12. Re1 Be6 13. Ng3 f6 14. d4 Bd6 15. c4
Nxd4 16. cxd5 Bf7 17. Nxd4 cxd4 18. Nf5 Bb4 19. Qg4 Bg6 20. d6+ Kh8 21. Nh4 Bf7
22. Rd1 Bxb3 23. axb3 Qxd6 24. f4 Bc5 25. f5 Rf7 26. Bd2 d3+ 27. Kh1 Qd4 28.
Qh5 Rd7 29. Ra4 Qd5 30. Ng6+ Kg8 31. Rh4 1-0